00393pab a2200145 454500008004000000100002300040245005700063260000900120300001100129362001100140650002600151650002900177650002100206773002000227180718b2007 xxu||||| |||| 00| 0 eng d aChand, Piar et al. aImpact of globalization on higher education in India c2007 ap.1-3. a12 Nov aGlobalization - India aHigher education - India aHigher education aUniversity News